002420000a220007300045001000019000002450086000193000037001057730026001421 aRomero, Elvira10aDimensión humana en la pedagogía del siglo XXI : Una perspectiva pedagógica aNúm 56 (2000), Páginas 35-410 tPresencia Ecuménica